01642nam a2200313Ia 450000500170000000800410001702000310005808200200008910000300010924500890013925000190022830000500024750400580029750502520035565000320060765000380063965000400067770000380071794200120075526400280076733600270079533700330082233800280085504000350088399900150091895201340093395201300106795201310119720220317000722.0160601s2005 ck g 000 0 spa  a9587042972 (Obra completa)04a303.6861 bG89v1 aGuzmán Campos, Germán13aLa violencia en Colombia cGuzmán Campos, Orlando Fals Borda, Eduardo Umaña Luna a1a. edición  a2 volúmenes bilustraciones, fotos c24 cm  aIncluye Bibliografía sobre la violencia en Colombia avolumen 1. Historia y geografía de la violencia. Elementos estructurales del conflicto. Sociología de la violencia -- volumen 2. Normas propias y actitudes del conflicto. Un problema social: La niñez abandonada. En busca de una terapéutica142LEMBaViolencia zColombia 142LEMBaConflicto armado zColombia142LEMBaProblemas sociales zColombia1 aFals Borda, Orlandod1925-953338 2ddccBK aBogotá bTaurusc2005 atextobtxt2rdacontent asin mediaciónbn2rdamedia avolumenbnc2rdacarrier aCO-BoRNBPbspaerdacCO-BoRNBP c4866d4866 00102ddc40708GENaMEPRICObMEPRICOcGENd2023-01-11l0o303.6861 G89vpPR000000305r2023-01-11 00:00:00tEj.1w2023-01-11yBK 00102ddc40708GENaMEMAPIRIbMEMAPIRIcGENd2023-03-28l0o303.6861pMAP0000176r2023-03-28 00:00:00tEj.1w2023-03-28yBK 00102ddc40708GENaMEURIBEbMEURIBEcGENd2024-07-10l0o303.6861 G89vpURI00204r2024-07-10 17:48:25tEj.1w2024-07-10yBK